000 00297nam a2200133 i 4500
001 bg
100 1 _aNOWAKOWSKI, J.
245 0 _aPodstawy automatyki /
_cJ. Nowakowski.
260 _aGdaƄsk,
_c1988.
040 _cBPK
041 _apol
942 _cKS
008 s pl f |000 0 pol
999 _c3820
_d3820
856 _uhttp://koha.tu.koszalin.pl/cgi-bin/koha/opac-detail.pl?biblionumber=3820
_yKatalog online BPK